000 00328 a2200157 4500
001 68128
020 _a9783126800013
040 _cAnchieta - Pituba
100 _aMotta, Giorgio
240 1 0 _aMaximal A1.1
_ldeu / ger
245 1 0 _aMaximal A1.1
300 _a164
362 0 _a2019
650 4 _aLíngua alemã
942 _cBK
999 _c68128
_d68128